000 00389nam a2200133Ia 4500
005 20260328101531.0
008 260328s9999||||xx |||||||||||||| ||und||
100 _aJaramillo, Esteban
245 0 _aArte, Uniendo Lazos :
_b Grandes Maestros del Arte Colombiano en Panamá /
_cEsteban Jaramillo
260 _bMuseo de Arte Contemporáneo
300 _a57 p.
650 _aPANAMÁ
942 _cBK
999 _c9984
_d9984